Фильмы по их обрезанным постерам - Statistics

General Stats
  • This quiz has been taken 21 times
  • The average score is 29 of 50
Answer Stats
Picture Answer % Correct
Гарри Поттер и философский камень
94%
Люди в чёрном
94%
Терминатор
94%
Человек-паук
94%
Матрица
89%
Назад в будущее
89%
Челюсти
89%
Иван Васильевич меняет профессию
89%
Кавказская пленница, или Новые приключения Шурика
89%
Форрест Гамп
83%
Властелин колец: Возвращение короля
83%
Паразиты
83%
Звёздные войны
83%
Индиана Джонс: В поисках утраченного ковчега
83%
Ворошиловский стрелок
83%
Охотники за привидениями
78%
Молчание ягнят
78%
Бриллиантовая рука
78%
Приключения Шерлока Холмса и доктора Ватсона
78%
Мстители
72%
Бумер
72%
12 стульев
72%
Криминальное чтиво
67%
Большая перемена
67%
Чапаев
67%
Груз 200
67%
Чужой
61%
Тёмный рыцарь
61%
Броненосец "Потёмкин"
61%
Мимино
56%
Кин-дза-дза!
56%
Свой среди чужих, чужой среди своих
50%
Ночной Дозор
50%
Дурак
44%
О чём говорят мужчины
44%
Таксист
39%
Крик
39%
Мизери
39%
Сталкер
39%
Космическая одиссея 2001 года
28%
Зловещие мертвецы
22%
Хардкор
22%
Про уродов и людей
22%
Апокалипсис сегодня
17%
Generation "П"
17%
Мира
11%
Айта
11%
Головокружение
6%
Петровы в гриппе
6%
Русский ковчег
6%
No matching quizzes found
Score Distribution
Percent of People with Each Score
Percentile by Number Answered
Your Score History
You have not taken this quiz